Congreso Nacional de Ciencias del Mar del Perú: libro de resúmenes ampliados
Uloženo v:
| Hlavní autoři: | , , , , , |
|---|---|
| Další autoři: | |
| Médium: | Kniha |
| Jazyk: | španělština |
| Vydáno: |
s.l
Universidad Nacional Pedro Ruiz Gallo
2007
|
| Vydání: | 1a. ed |
| Témata: | |
| Tagy: |
Přidat tag
Žádné tagy, Buďte první, kdo vytvoří štítek k tomuto záznamu!
|
MARC
| LEADER | 00000cam a2200000 a 4500 | ||
|---|---|---|---|
| 001 | UCC8238 | ||
| 003 | CL-VaPUC | ||
| 005 | 20220930114855.0 | ||
| 008 | 190617e200700000 1 spa d | ||
| 082 | 0 | 4 | |a 551.46 |b CAR |2 21 |
| 100 | 1 | |a Carbajal Villalta, Wilmer |e author |9 622383 | |
| 700 | |a Oliva Núñez, Jorge |e autor |9 622384 | ||
| 700 | 1 | |a Chanamé Céspedes, Jorge |e author |9 622385 | |
| 700 | 1 | |a Tejada Sánchez, Eduardo |e author |9 622386 | |
| 700 | 1 | |a Angulo Plasencia, Elsa |e author |9 622387 | |
| 700 | 1 | |a López Cubas, Juna |e author |9 622388 | |
| 700 | 1 | |a Lora Vargas, Victoria |e author |9 622389 | |
| 245 | 1 | 0 | |a Congreso Nacional de Ciencias del Mar del Perú: libro de resúmenes ampliados |
| 250 | |a 1a. ed | ||
| 260 | |a s.l |b Universidad Nacional Pedro Ruiz Gallo |c 2007 | ||
| 300 | |a 359 p | ||
| 583 | |a last modification |c 20190909 09:30:26 |k Rodrigo Vera | ||
| 650 | 0 | 7 | |a CIENCIAS DEL MAR |2 CL-VaPUC |9 261896 |
| 650 | 0 | 0 | |a Congresos |9 257560 |
| 650 | 0 | 0 | |a Biología marina |9 259965 |
| 942 | |c BK | ||
| 945 | |a dcastane |d 20190617 11:18:00 | ||
| 546 | |a En Español | ||
| 536 | |a Universidad Nacional Pedro Ruiz Gallo | ||
| 518 | |p Congreso Nacional de Ciencias del Mar del Perú, 1, Lambayeque-Perú, 27-30 de noviembre de 2007 | ||
| 999 | |c 384961 |d 384959 | ||
| 952 | |0 0 |1 0 |3 erb |4 0 |6 551_460000000000000_CAR_2007 |7 0 |8 CCM |9 507974 |a BIBCUR |b BIBCUR |i 5591422 |o 551.46 CAR 2007 |p 5591422 |r 2025-04-22 |w 2020-01-23 |y BK |z Catalogado en:20190617 |k CIM | ||
| 952 | |0 0 |1 0 |3 erb |4 0 |6 551_460000000000000_CAR_2007 |7 0 |8 CCM |9 507975 |a BIBCUR |b BIBCUR |i 5591406 |o 551.46 CAR 2007 |p 5591406 |r 2025-04-22 |w 2020-01-23 |y BK |z Catalogado en:20190617 |k CIM | ||